00333nam a2200121Ia 4500008004100000041000800041100002800049245007500077260002300152300000800175542001500183650001300198220531s9999 xx 000 0 und d amar aखरे माधव aहसत खेळत इंग्रजी व्‍याकरण aPunebUnmeshc2009 a160 d09-09-2009 aGeneral